Sports Quiz

Random Sports or Soccer Quiz
Score 0/22 Timer 07:00
0 Plays Today
Cantidad de goles Nombre % Correct
70Lionel Messi
99.8%
34Diego Maradona
95.6%
42Sergio Aguero
92.3%
31Gonzalo Higuain
92%
54Gabriel Batistuta
84%
35Hernan Crespo
68.8%
20Mario Kempes
62.6%
17Juan Roman Riquelme
51.2%
17Ariel Ortega
23.1%
22Daniel Passarella
22.1%
20Angel Di Maria
16.2%
Cantidad de goles Nombre % Correct
22Leopoldo Luque
11.3%
17Angel Labruna
6.4%
24Luis Artime
6%
21Jose Sanfilipo
4.4%
17Miguel Angel Brindisi
3.8%
19Jose Manuel Moreno
2.4%
19Norberto Mendez
1.6%
18Orestes Corbatta
1.6%
19Rene Pontoni
1.3%
18Domingo Tarasconi
1.1%
21Herminio Massantonio
0.6%
Remove Ads.
Support Sporcle.
Get the best of Sporcle when you Go Orange. This ad-free experience offers more features, more stats, and more fun while also helping to support Sporcle. Thank you for becoming a member.

You're not logged in!

Compare scores with friends on all Sporcle quizzes.
OR
Log In

Sporcle TV

Today on Sporcle TV


Watch our educational content, quiz creation guides, and fun videos on Sporcle TV.

Show Comments

Extras

Created May 15, 2020ReportNominate
Tags:Soccer Quiz

Top Quizzes Today


Score Distribution

Paid Content

Your Account Isn't Verified!

In order to create a playlist on Sporcle, you need to verify the email address you used during registration. Go to your Sporcle Settings to finish the process.

Report this User

Report this user for behavior that violates our Community Guidelines.

Details: